000 00719nam a22001937a 4500
005 20251108170453.0
008 250721s2002 xx 000 0 ara d
082 1 4 _a355.34330956402/سلط
100 1 _aسلطان، فتحي عبد القادر
245 1 0 _aالمخلب الدموي الشين بيت (الشاباك) :
_bجهاز الأمن الإسرائيلي /
264 1 _aعمان :
_bالأهلية للنشر و التوزيع،
_c2002.
300 _a501ص
650 1 7 _aالموساد وكالة الإستخبارات المركزية
650 1 7 _aالأمن الداخلي
650 1 7 _aتاريخ إسرائيل
700 1 _aسلامة، محمد رجب
942 _2ddc
_cBK
999 _c41293
_d41293